00284nam a2200109Ia 4500008004100000041000800041082001200049100001500061245005300076260002600129300001900155240719s9999 xx 000 0 und d aeng a920 RAI aRai, Vinod aNot Just A Nightwatchman: My Innings In The BCCI aNew DelhibRupac2022 a221 P.; 22 Cm.